Statistics for Most Obese Countries in The Americas

Click here to take the quiz!

General Stats

  • This quiz has been taken 22 times
  • The average score is 18 of 20

Answer Stats

%Country% Correct
29.0Canada
100%
28.5Chile
100%
29.3Mexico
100%
28.9Argentina
95%
31.8Bahamas
95%
24.2Brazil
95%
36.2United States
95%
23.4Barbados
90%
24.5Cuba
90%
27.9Dominica
90%
28.0Dominican Republic
90%
24.7Jamaica
90%
24.0Saint Kitts and Nevis
90%
26.4Suriname
90%
28.3Uruguay
90%
24.0Belize
86%
23.7Nicaragua
86%
25.8Costa Rica
81%
24.2El Salvador
81%
25.6Venezuela
71%

Score Distribution

Percentile by Number Answered

Percent of People with Each Score

Your Score History

You have not taken this quiz